BUBT Library Online Catalog

Optics (Record no. 5337)

000 -LEADER
fixed length control field 00556nam a22002177a 4500
003 - CONTROL NUMBER IDENTIFIER
control field BUBTL
008 - FIXED-LENGTH DATA ELEMENTS--GENERAL INFORMATION
fixed length control field 160824b xxu||||| |||| 00| 0 eng d
020 ## - INTERNATIONAL STANDARD BOOK NUMBER
International Standard Book Number 971-81-317-1807-0
082 ## - DEWEY DECIMAL CLASSIFICATION NUMBER
Classification number 535HEO
100 ## - MAIN ENTRY--PERSONAL NAME
9 (RLIN) 810
Personal name Hecht,Eugene/ Ganesan, A.R.
245 ## - TITLE STATEMENT
Title Optics
250 ## - EDITION STATEMENT
Edition statement 4th
260 ## - PUBLICATION, DISTRIBUTION, ETC. (IMPRINT)
Place of publication, distribution, etc. Chenni
Name of publisher, distributor, etc. Pearson
Date of publication, distribution, etc. c2008
300 ## - PHYSICAL DESCRIPTION
Extent [vi],650p.
Other physical details ills.
Dimensions 25cm.
650 #0 - SUBJECT ADDED ENTRY--TOPICAL TERM
9 (RLIN) 167
Topical term or geographic name as entry element Physics
700 ## - ADDED ENTRY--PERSONAL NAME
9 (RLIN) 811
Personal name Hecht,Eugene/ Ganesan, A.R.
760 ## - MAIN SERIES ENTRY
Edition 4th
856 ## - ELECTRONIC LOCATION AND ACCESS
Password 0
Logon 0
Link text Download
942 ## - ADDED ENTRY ELEMENTS (KOHA)
Source of classification or shelving scheme
Koha item type Books
Holdings
Withdrawn status Lost status Source of classification or shelving scheme Damaged status Not for loan Collection code Permanent location Current location Shelving location Date acquired Inventory number Total Checkouts Full call number Barcode Date last seen Copy number Price effective from Koha item type
        Not For Loan Non-fiction Bangladesh University of Business and Technology Library Bangladesh University of Business and Technology Library Mathematics Stacks 09/25/2012 14286   535HEO BUBTL-200314286 08/24/2016 C-1 08/24/2016 Books
        Not For Loan Non-fiction Bangladesh University of Business and Technology Library Bangladesh University of Business and Technology Library Mathematics Stacks 09/25/2012 14287   535HEO BUBTL-200314287 08/24/2016 C-2 08/24/2016 Books

More Information About Library

Library Hours

  • Open: 9.00 am. to 9.00 pm.
  • Only Sunday: 9.00 am. to 6.00 pm.
  • Closed: Holiday

Contact to the University

Bangladesh University of Business and Technology Library

  • Mirpurl-2, 1216.
  • Phone:
  • Fax:
  • E-Mail: admin.library@bubt.edu.bd

Contact to the Library

Contact Person:

Md. Abdul Hakim Shah
Joint Librarian
PABX No:  113
Cell No: 01816332931
E-mail: official: admin.library@bubt.edu.bd
Personal: hakim.shah@bubt.edu.bd


BUBT Library

Copyright © 2021